000 00420nam a2200145Ia 4500
003 LK-CoDNM
008 010623t1982 xxu||||| |||| 00| 1 eng d
040 _aLK-CoDNM
_dLK-CoDNM
_eLK-CoDNM
041 _aeng
080 _a069.9(71)
_bCAN
245 _aAnnual Report 1981-1982 : Cultural Property Export and Import Act
260 _bMinister of Supply and Services Canada
_c1982
300 _b60p,pl., 28 cm
942 _cBK
999 _c111757
_d111757